Pokémon - Les attaques de Massko - Statistiques

Statistiques générales
  • Ce quiz a été pris 20 fois
  • Le résultat moyen est 10 sur 19
Statistiques - réponses
Niveaux Types Noms des attaques % Correct
Niveau 25 Plante Giga-Sangsue
91%
Niveau 40 Plante Lame Feuille
91%
Départ Normal Écras'Face
82%
Départ Normal Groz'Yeux
82%
Niveau 9 Plante Méga-Sangsue
82%
Départ Insecte Taillade
73%
Niveau 55 Plante Tempête Verte
73%
Départ Insecte Plaie Croix
64%
Départ Normal Vive-Attaque
64%
Départ Plante Éco-Sphère
45%
Départ Plante Feuillage
45%
Niveau 30 Normal Souplesse
45%
Niveau 12 Combat Détection
36%
Niveau 45 Normal Grincement
36%
Niveau 35 Normal Reflet
36%
Niveau 20 Ténèbres Assurance
27%
Niveau 50 Normal Effort
27%
Niveau 15 Combat Prévention
18%
Départ Normal Faux-Chage
9%
Aucun quiz correspondant
Distribution des résultats
% des personnes avec chaque résultat
Percentile par nombre de réponses
Votre historique - résultats
Vous n’avez pas pris ce quiz